000 00458pab a2200145 454500
008 180718b xxu||||| |||| 00| 0 eng d
100 _aAsnani, Hari Singh U
245 _aLegal provisions relating to recruitment, seniority and disciplinary procedings
650 _a Personnel, Public - Recruiting
650 _a Personnel, Public - Dismissal
650 _a Personnel, Public
650 _aPersonnel, Public - India
773 _aPrashasnika
909 _a23160
999 _c23160
_d23160